header

Creating business agility : (Record no. 60477)

MARC details
000 -LEADER
fixed length control field 02013nam a2200433 i 4500
001 - CONTROL NUMBER
control field ebr10925541
003 - CONTROL NUMBER IDENTIFIER
control field CaPaEBR
006 - FIXED-LENGTH DATA ELEMENTS--ADDITIONAL MATERIAL CHARACTERISTICS--GENERAL INFORMATION
fixed length control field m o d
007 - PHYSICAL DESCRIPTION FIXED FIELD--GENERAL INFORMATION
fixed length control field cr cn|||||||||
008 - FIXED-LENGTH DATA ELEMENTS--GENERAL INFORMATION
fixed length control field 140911t20142014njua ob 001 0 eng d
020 ## - INTERNATIONAL STANDARD BOOK NUMBER
Cancelled/invalid ISBN 9781118724569
International Standard Book Number 9781118869314 (e-book)
International Standard Book Number 9781118869451 (e-book)
040 ## - CATALOGING SOURCE
Original cataloging agency CaPaEBR
Language of cataloging eng
Description conventions rda
-- pn
Transcribing agency CaPaEBR
035 ## - SYSTEM CONTROL NUMBER
System control number (OCoLC)890071969
050 14 - LIBRARY OF CONGRESS CALL NUMBER
Classification number HD45
Item number .H366 2014eb
082 04 - DEWEY DECIMAL CLASSIFICATION NUMBER
Classification number 004.68
Edition number 23
100 1# - MAIN ENTRY--PERSONAL NAME
Personal name Heisterberg, Rodney J.,
Relator term author.
245 10 - TITLE STATEMENT
Title Creating business agility :
Remainder of title how convergence of cloud, social, mobile, video, and big data enables competitive advantage /
Statement of responsibility, etc Rodney Heisterberg, Alakh Verma ; cover design, C. Wallace.
264 #1 - PRODUCTION, PUBLICATION, DISTRIBUTION, MANUFACTURE, AND COPYRIGHT NOTICE
Place of production, publication, distribution, manufacture Hoboken, New Jersey :
Name of producer, publisher, distributor, manufacturer Wiley,
Date of production, publication, distribution, manufacture, or copyright notice 2014.
Date of production, publication, distribution, manufacture, or copyright notice �2014
300 ## - PHYSICAL DESCRIPTION
Extent 1 online resource (387 pages) :
Other physical details color illustrations
336 ## - CONTENT TYPE
Content type term text
Source rdacontent
337 ## - MEDIA TYPE
Media type term computer
Source rdamedia
338 ## - CARRIER TYPE
Carrier type term online resource
Source rdacarrier
504 ## - BIBLIOGRAPHY, ETC. NOTE
Bibliography, etc Includes bibliographical references at the end of each chapters and index.
588 ## - SOURCE OF DESCRIPTION NOTE
Source of description note Description based on print version record.
590 ## - LOCAL NOTE (RLIN)
Local note Electronic reproduction. Palo Alto, Calif. : ebrary, 2014. Available via World Wide Web. Access may be limited to ebrary affiliated libraries.
650 #0 - SUBJECT ADDED ENTRY--TOPICAL TERM
Topical term or geographic name as entry element Technological innovations
General subdivision Management.
Topical term or geographic name as entry element Information technology
General subdivision Management.
Topical term or geographic name as entry element Organizational effectiveness.
Topical term or geographic name as entry element Strategic planning.
655 #0 - INDEX TERM--GENRE/FORM
Genre/form data or focus term Electronic books.
700 1# - ADDED ENTRY--PERSONAL NAME
Personal name Verma, Alakh,
Dates associated with a name 1963-
Relator term author.
Personal name Wallace, C.,
Relator term cover designer.
776 08 - ADDITIONAL PHYSICAL FORM ENTRY
Display text Print version:
Main entry heading Heisterberg, Rodney J.
Title Creating business agility : how convergence of cloud, social, mobile, video, and big data enables competitive advantage.
Place, publisher, and date of publication Hoboken, New Jersey : Wiley, c2014
Physical description xxii, 362 pages
International Standard Book Number 9781118724569
Record control number 2014016658
797 2# - LOCAL ADDED ENTRY--CORPORATE NAME (RLIN)
Corporate name or jurisdiction name as entry element ebrary.
856 40 - ELECTRONIC LOCATION AND ACCESS
Uniform Resource Identifier <a href="http://site.ebrary.com/lib/rucke/Doc?id=10925541">http://site.ebrary.com/lib/rucke/Doc?id=10925541</a>
Public note An electronic book accessible through the World Wide Web; click to view

No items available.

© 2026 Rongo University
Contact us: librarian | system librarian | Rongo university